000 00320nam a22001337a 4500
008 210308b ||||| |||| 00| 0 eng d
041 _aeng
080 _a004
082 _a004
100 _a35
101 _aSHKI
245 _aIntroduction to Computer Science:Cobol Language Programming
_cWalker,M.T
942 _2udc
_cBK
999 _c55947
_d55947